000 00718nam a2200253Ia 4500
003 OSt
005 20220928102654.0
006 a|||||r|||| 00| 0
007 ta
008 220927b |||||||| |||| 00| 0 eng d
020 _c200
024 _a100028
037 _b98, 28/09/2009, Swaraj Prakashan
_cTextual
040 _aSDCL
_cSDCL
_beng
041 _2eng
_aeng
082 _aO152,1N74x, P9
100 _aShrivastawa Manish
_9399772
245 0 _aAvalamban.
260 _aNew Delhi
_bRaj Kamal Prakashan
_c2009
300 _a174p.
_ccm.
650 _aHindi
_9391598
942 _hO152,1N74x, P9
_cTEXL
_2CC
999 _c715658
_d715658